000
00273nam a22001217a 4500
008
170925b xxu||||| |||| 00| 0 eng d
041
_a
eng
080
_a
37
100
_a
46
101
_a
EDU
245
_a
GLOBAL ISSUES LOCAL ARGUMENTS
_c
JOHNSON.J
942
_2
udc
_c
BK
999
_c
29550
_d
29550